000 00234nam a22001097a 4500
999 _c533314
_d533314
020 _a978-1842653371
040 _cDLC
082 _a624.171
_bMEN
100 _aMenon, Devdas
_927158
245 _aStructural Analysis
942 _2ddc
_cBK